Le roman épistolaire (notice n° 1567146)

détails MARC
000 -LEADER
fixed length control field 01659cam a2200133 4500500
005 - DATE AND TIME OF LATEST TRANSACTION
control field 20251214002555.0
041 ## - LANGUAGE CODE
Language code of text/sound track or separate title fre
042 ## - AUTHENTICATION CODE
Authentication code dc
100 10 - MAIN ENTRY--PERSONAL NAME
Personal name Calas, Frédéric
Relator term author
245 00 - TITLE STATEMENT
Title Le roman épistolaire
260 ## - PUBLICATION, DISTRIBUTION, ETC.
Name of publisher, distributor, etc. Armand Colin,<br/>
Date of publication, distribution, etc. 2007.<br/>
520 ## - SUMMARY, ETC.
Summary, etc. Genre très à la mode au XVIIIe siècle, le roman par lettres fascine, aujourd'hui encore, le lecteur contemporain par l'étonnante vitalité qui l'habite. La lettre se trouve au centre de l'intrigue et suscite un duel verbal où se fait jour la subjectivité des épistoliers. L'alternance des points de vue fait du roman épistolaire une oeuvre polyphonique. Mais la lettre peut aussi être menacée d'asphyxie si le destinataire ne répond pas. Elle s'ouvre alors au monologue tragique. Ce livre propose un parcours plus formel qu'historique mettant en lumière la spécificité du genre ainsi que les raisons de son succès. Un essai de typologie permet d'en repérer les formes ; l'examen stylistique explicite les fondements du roman épistolaire et éclaire les raisons de sa modernité. Frédéric CALAS est maître de conférences à l'université de Tours. Une affaire de lettres : autour de la définition du roman épistolaire. Essai de typologie formelle. L'illusion romanesque et les lieux de sa manifestation. Le pacte de lecture du roman par lettres. La voix de la passion : le chant solitaire des Lettres portugaises. La voix persane ou le miroir des voix. La transparence des voix de la Nouvelle Héloïse. La voix libertine des Liaisons dangereuses.
856 41 - ELECTRONIC LOCATION AND ACCESS
Uniform Resource Identifier <a href="https://shs.cairn.info/le-roman-epistolaire--9782200352073?lang=fr&redirect-ssocas=7080">https://shs.cairn.info/le-roman-epistolaire--9782200352073?lang=fr&redirect-ssocas=7080</a>

Pas d'exemplaire disponible.

PLUDOC

PLUDOC est la plateforme unique et centralisée de gestion des bibliothèques physiques et numériques de Guinée administré par le CEDUST. Elle est la plus grande base de données de ressources documentaires pour les Étudiants, Enseignants chercheurs et Chercheurs de Guinée.

Adresse

627 919 101/664 919 101

25 boulevard du commerce
Kaloum, Conakry, Guinée

Réseaux sociaux

Powered by Netsen Group @ 2025